ЛДПР. Современная политика (Запись № 885659)

Подробности
000 -МАРКЕР
контрольное поле 01347nam0a2200289 4500
001 - ИДЕНТИФИКАТОР ЗАПИСИ
контрольное поле RU\NLR\bibl\459471
005 - ИДЕНТИФИКАТОР ВЕРСИИ
контрольное поле 20260407125530.0
021 ## - НОМЕР ГОСУДАРСТВЕННОЙ РЕГИСТРАЦИИ
Код страны Российская Федерация
Номер 2003-49108
Номер Листа государственной регистраци 2366
021 ## - НОМЕР ГОСУДАРСТВЕННОЙ РЕГИСТРАЦИИ
Код страны Российская Федерация
Номер 2003-56129
Номер Листа государственной регистраци 2730
035 ## - ДРУГИЕ СИСТЕМНЫЕ НОМЕРА
Идентификатор записи (NLR Aleph) 000452962
100 ## - ДАННЫЕ ОБЩЕЙ ОБРАБОТКИ
Данные общей обработки 20031114d2003 |||y0rusy50 ca
101 0# - ЯЗЫК РЕСУРСА
Язык текста, звукозаписи и т.д. русский
102 ## - СТРАНА ПУБЛИКАЦИИ ИЛИ ПРОИЗВОДСТВА
Страна публикации Российская Федерация
105 ## - ПОЛЕ КОДИРОВАННЫХ ДАННЫХ: ТЕКСТОВЫЕ МАТЕРИАЛЫ, МОНОГРАФИЧЕСКИЕ
Кодированные данные о монографическом текстовом документе y |||||||||
200 1# - ЗАГЛАВИЕ И СВЕДЕНИЯ ОБ ОТВЕТСТВЕННОСТИ
Основное заглавие ЛДПР. Современная политика
Сведения, относящиеся к заглавию [Отр. из выступ. лидера ЛДПР В. Жириновского в Гос. Думе первого и второго созывов (1994-1999)]
Первые сведения об ответственности Либер.-демокр. партия России
210 ## - ПУБЛИКАЦИЯ, РАСПРОСТРАНЕНИЕ И ДР.
Место издания, распространения и т.д. М.
Имя издателя, распространителя и т. д. ЛДПР
Дата издания, распространения и т.д. 2003
215 ## - ФИЗИЧЕСКАЯ ХАРАКТЕРИСТИКА
Специфическое обозначение материала и объем 39,[1] с.
Размеры 20
600 #1 - ИМЯ ЛИЦА КАК ПРЕДМЕТ
Начальный элемент ввода Жириновский
Часть имени, кроме начального элемента ввода В.В.
Даты 1946 - 2022
Расширение инициалов личного имени Владимир Вольфович
Формальный подзаголовок Речи, выступления и т.п.
Системный номер авторитетной/нормативной записи 2093287
Идентификатор авторитетной/нормативной записи RU\NLR\auth\661266789
686 ## - ИНДЕКСЫ ДРУГИХ КЛАССИФИКАЦИЙ
Индекс Ф69(2)274.43
700 #1 - ИМЯ ЛИЦА - ПЕРВИЧНАЯ ОТВЕТСТВЕННОСТЬ
Код отношения Автор
Материалы, к которым относится поле rus
Графика поля Кириллица
Начальный элемент ввода Жириновский
Часть имени, кроме начального элемента ввода В. В.
Дополнения к именам, кроме дат полит. деятель
Даты 1946-2022
Расширение инициалов личного имени Владимир Вольфович
Идентификатор авторитетной/нормативной записи RU\NLR\AUTH\772076
Системный номер авторитетной/нормативной записи 112093
712 02 - НАИМЕНОВАНИЕ ОРГАНИЗАЦИИ - ВТОРИЧНАЯ ОТВЕТСТВЕННОСТЬ
Код отношения Прочие
Начальный элемент ввода Либерально-демократическая партия России
Идентификатор авторитетной/нормативной записи RU\NLR\AUTH\889969677
Системный номер авторитетной/нормативной записи 435625
801 #0 - ИСТОЧНИК ЗАПИСИ
Страна Российская Федерация
Организация NLR
Дата составления 20031114
Правила каталогизации PSBO
801 #1 - ИСТОЧНИК ЗАПИСИ
Страна Российская Федерация
Организация NLR
Дата составления 20031114
942 ## - ДОПОЛНИТЕЛЬНЫЕ ЭЛЕМЕНТЫ ЗАПИСИ (АБИС)
Тип экземпляра АБИС Книга
980 ## - КОЛЛЕКЦИЯ
Название коллекции Национальная библиография
Экземпляры
Тип экземпляра Дата поступления Источник поступления Библиотека постоянного хранения Библиотека текущего хранения Место хранения Шифр хранения Штрих-код Статус экземпляра
Книга 14.11.2003 Обязательный экземпляр РНБ (Московский) РНБ (Московский) Русский книжный фонд: издания с 1957 года 2003-4/23606 586309  
Книга 14.11.2003 Обязательный экземпляр РНБ (Московский) РНБ (Московский) Русский книжный фонд: издания с 1957 года 2003-4/23606 586310  
Книга 02.12.2003 Обязательный экземпляр РНБ (Московский) РНБ (Московский) Обменный фонд   598762  
Книга 02.12.2003 Обязательный экземпляр РНБ (Московский) РНБ (Московский) Обменный фонд   598763